Toten Hosen - Ertrinken Lyrics Quiz - Statistiken

Allgemein
  • Dieses Quiz wurde 15 mal gespielt
  • Das Durchschnittsergebnis liegt bei 96 aus 179
Antwortstatistiken
Antwort % Korrekt
da
100%
das
100%
Das
100%
du
100%
ich
100%
Ich
100%
wir
100%
die
92%
Die
92%
ertrink
92%
es
92%
in
92%
sie
92%
den
83%
Und
83%
Wie
83%
wie
83%
dein
75%
dir
75%
ein
75%
einen
75%
für
75%
uns
75%
Wo
75%
zu
75%
all
67%
auf
67%
Liebe
67%
mir
67%
sein
67%
so
67%
Wenn
67%
alles
58%
hat
58%
her
58%
ins
58%
Ist
58%
ist
58%
kommen
58%
man
58%
meine
58%
nicht
58%
Sind
58%
sind
58%
Geht
50%
mehr
50%
oder
50%
Sollen
50%
unsere
50%
viele
50%
Zeit
50%
auch
42%
bei
42%
Blick
42%
ersten
42%
gehen
42%
Herz
42%
jede
42%
Kann
42%
nur
42%
Warum
42%
Frage
33%
frei
33%
Gedanken
33%
Glück
33%
immer
33%
irgendwann
33%
jetzt
33%
Kennst
33%
lange
33%
letzter
33%
Muss
33%
niemand
33%
schick
33%
Schläge
33%
stellen
33%
Träume
33%
wirklich
33%
Wohin
33%
Zweifel
33%
Zweit
33%
allein
25%
bezahlen
25%
dauert
25%
Faden
25%
federleicht
25%
Geduld
25%
geschlichen
25%
Gibt
25%
jedem
25%
jemals
25%
klingt
25%
langer
25%
lernen
25%
Lied
25%
manchmal
25%
Meer
25%
meistens
25%
rein
25%
Seele
25%
Sprache
25%
Sprichst
25%
Trick
25%
überhaupt
25%
verliert
25%
weiß
25%
wofür
25%
einfach
17%
fliehen
17%
hört
17%
kämpfen
17%
langsam
17%
Liest
17%
schwer
17%
Antwort
8%
fällt
8%
Sieg
8%
tiefer
8%
Verlierer
8%
Zieht
8%
Keine übereinstimmenden Quizze gefunden
Verteilung der Resultate
Anzahl Personen mit jedem Resultat
Perzentil nach korrekt beantworteten Fragen
Ihre Resultats-Entwicklung
Sie haben dieses Quiz noch nicht gespielt